|
|
|
|
| LEADER |
00000cam a22000004a 4500 |
| 001 |
musev2_72302 |
| 003 |
MdBmJHUP |
| 005 |
20230905051438.0 |
| 006 |
m o d |
| 007 |
cr||||||||nn|n |
| 008 |
191226t20202020dcu o 00 0 eng d |
| 020 |
|
|
|a 9780815737926
|
| 020 |
|
|
|z 9780815737919
|
| 035 |
|
|
|a (OCoLC)1133258843
|
| 040 |
|
|
|a MdBmJHUP
|c MdBmJHUP
|
| 100 |
1 |
|
|a Gavin, Francis J.,
|e author.
|
| 245 |
1 |
0 |
|a Nuclear Weapons and American Grand Strategy /
|c Francis J. Gavin.
|
| 264 |
|
1 |
|a Washington, D.C. :
|b Brookings Institution Press,
|c [2020]
|
| 264 |
|
3 |
|a Baltimore, Md. :
|b Project MUSE,
|c 2020
|
| 264 |
|
4 |
|c ©[2020]
|
| 300 |
|
|
|a 1 online resource (320 pages).
|
| 336 |
|
|
|a text
|b txt
|2 rdacontent
|
| 337 |
|
|
|a computer
|b c
|2 rdamedia
|
| 338 |
|
|
|a online resource
|b cr
|2 rdacarrier
|
| 505 |
0 |
|
|a Front Cover -- Title Page -- Copyright Information -- Table of Contents -- Preface -- Acknowledgments -- History and the Unanswered Questions of the Nuclear Age -- Fixing the Franchise: The Ivory Tower-Policy Gap -- What We Talk about When We Talk about Nuclear Weapons -- Strategies of Inhibition -- NATO's Radical Response to the Nuclear Revolution -- Beyond Deterrence -- The History of What Did Not Happen -- Deterring while Disarming -- Rethinking Nuclear Weapons and American Grand Strategy -- Notes -- Index -- Back Cover
|
| 520 |
|
|
|a The world first confronted the power of nuclear weapons when the United States dropped atomic bombs on Hiroshima and Nagasaki in August 1945. The global threat of these weapons deepened in the following decades as more advanced weapons, aggressive strategies, and new nuclear powers emerged. Ever since, countless books, reports, and articles - and even a new field of academic inquiry called "security studies"--Have tried to explain the so-called nuclear revolution. Francis J. Gavin argues that scholarly and popular understanding of many key issues about nuclear weapons is incomplete at best and wrong at worst. Among these important, misunderstood issues are: how nuclear deterrence works; whether nuclear coercion is effective; how and why the United States chose its nuclear strategies; why countries develop their own nuclear weapons or choose not to do so; and, most fundamentally, whether nuclear weapons make the world safer or more dangerous. These and similar questions still matter because nuclear danger is returning as a genuine threat. Emerging technologies and shifting great-power rivalries seem to herald a new type of cold war just three decades after the end of the U.S.-Soviet conflict that was characterized by periodic prospects of global Armageddon. Nuclear Weapons and American Grand Strategy helps policymakers wrestle with the latest challenges. Written in a clear, accessible, and jargon-free manner, the book also offers insights for students, scholars, and others interested in both the history and future of nuclear danger
|
| 588 |
|
|
|a Description based on print version record.
|
| 650 |
|
7 |
|a Nuclear weapons
|x Government policy.
|2 fast
|0 (OCoLC)fst01040980
|
| 650 |
|
7 |
|a Nuclear nonproliferation
|x Government policy.
|2 fast
|0 (OCoLC)fst01040378
|
| 650 |
|
7 |
|a Nuclear arms control
|x Government policy.
|2 fast
|0 (OCoLC)fst01039886
|
| 650 |
|
7 |
|a Military policy.
|2 fast
|0 (OCoLC)fst01021386
|
| 650 |
|
7 |
|a Nuclear disarmament.
|2 fast
|0 (OCoLC)fst01039933
|
| 650 |
|
7 |
|a Nuclear nonproliferation.
|2 fast
|0 (OCoLC)fst01040376
|
| 650 |
|
7 |
|a POLITICAL SCIENCE
|x Security (National & International)
|2 bisacsh
|
| 650 |
|
6 |
|a Non-proliferation nucleaire
|z États-Unis.
|
| 650 |
|
6 |
|a Desarmement nucleaire
|z États-Unis.
|
| 650 |
|
6 |
|a Armes nucleaires
|x Contrôle
|x Politique gouvernementale
|z États-Unis
|x Histoire.
|
| 650 |
|
6 |
|a Non-proliferation nucleaire
|x Politique gouvernementale
|z États-Unis
|x Histoire.
|
| 650 |
|
6 |
|a Armes nucleaires
|x Politique gouvernementale
|z États-Unis
|x Histoire.
|
| 650 |
|
0 |
|a Nuclear nonproliferation
|z United States.
|
| 650 |
|
0 |
|a Nuclear disarmament
|z United States.
|
| 650 |
|
0 |
|a Nuclear arms control
|x Government policy
|z United States
|x History.
|
| 650 |
|
0 |
|a Nuclear nonproliferation
|x Government policy
|z United States
|x History.
|
| 650 |
|
0 |
|a Nuclear weapons
|x Government policy
|z United States
|x History.
|
| 651 |
|
7 |
|a United States.
|2 fast
|0 (OCoLC)fst01204155
|
| 651 |
|
0 |
|a United States
|x Military policy.
|
| 655 |
|
7 |
|a History.
|2 fast
|0 (OCoLC)fst01411628
|
| 655 |
|
7 |
|a Electronic books.
|2 local
|
| 710 |
2 |
|
|a Brookings Institution,
|e publisher.
|
| 710 |
2 |
|
|a Project Muse.
|e distributor
|
| 830 |
|
0 |
|a Book collections on Project MUSE.
|
| 856 |
4 |
0 |
|z Texto completo
|u https://projectmuse.uam.elogim.com/book/72302/
|
| 945 |
|
|
|a Project MUSE - Custom Collection
|
| 945 |
|
|
|a Project MUSE - 2020 Complete
|
| 945 |
|
|
|a Project MUSE - 2020 Political Science and Policy Studies
|